<?xml version="1.0" encoding="UTF-8"?>
<record
    xmlns:xsi="http://www.w3.org/2001/XMLSchema-instance"
    xsi:schemaLocation="http://www.loc.gov/MARC21/slim http://www.loc.gov/standards/marcxml/schema/MARC21slim.xsd"
    xmlns="http://www.loc.gov/MARC21/slim">

  <leader>01762cam a2200457 i 4500</leader>
  <controlfield tag="001">zz2005823426</controlfield>
  <controlfield tag="003">NUKAT</controlfield>
  <controlfield tag="005">20260427230322.0</controlfield>
  <controlfield tag="008">050121s1910    pl       2   |000 0 pol c</controlfield>
  <datafield tag="035" ind1=" " ind2=" ">
    <subfield code="a">(OCoLC)830137214</subfield>
  </datafield>
  <datafield tag="035" ind1=" " ind2=" ">
    <subfield code="a">(NUKAT)zz2005823426</subfield>
  </datafield>
  <datafield tag="040" ind1=" " ind2=" ">
    <subfield code="a">KIEL 010/GA</subfield>
    <subfield code="b">pol</subfield>
    <subfield code="e">rda</subfield>
    <subfield code="c">KIEL 010/GA</subfield>
    <subfield code="d">KIEL 010/GA</subfield>
    <subfield code="d">KIEL 010/HLs</subfield>
    <subfield code="d">POZN U/KK</subfield>
    <subfield code="d">OLSZT 008/AL</subfield>
  </datafield>
  <datafield tag="045" ind1="2" ind2=" ">
    <subfield code="b">d1807</subfield>
    <subfield code="b">d1931</subfield>
  </datafield>
  <datafield tag="046" ind1=" " ind2=" ">
    <subfield code="k">1831</subfield>
  </datafield>
  <datafield tag="100" ind1="1" ind2=" ">
    <subfield code="a">Rybarski, Roman</subfield>
    <subfield code="d">(1887-1942).</subfield>
    <subfield code="e">Autor</subfield>
    <subfield code="9">1660</subfield>
  </datafield>
  <datafield tag="245" ind1="1" ind2="0">
    <subfield code="a">Sprawa w&#x142;o&#x15B;cia&#x144;ska na sejmie w roku 1831 /</subfield>
    <subfield code="c">Roman Rybarski.</subfield>
  </datafield>
  <datafield tag="260" ind1=" " ind2=" ">
    <subfield code="a">Krak&#xF3;w :</subfield>
    <subfield code="b">sk&#x142;ad g&#x142;&#xF3;wny w Ksi&#x119;garni G. Gebethnera i Ski,</subfield>
    <subfield code="c">1910</subfield>
    <subfield code="e">([Krak&#xF3;w] :</subfield>
    <subfield code="f">Drukarnia Uniwersytetu Jagiello&#x144;skiego).</subfield>
  </datafield>
  <datafield tag="300" ind1=" " ind2=" ">
    <subfield code="a">59 stron ;</subfield>
    <subfield code="c">26 cm.</subfield>
  </datafield>
  <datafield tag="336" ind1=" " ind2=" ">
    <subfield code="a">Tekst</subfield>
    <subfield code="b">txt</subfield>
    <subfield code="2">rdacontent</subfield>
  </datafield>
  <datafield tag="337" ind1=" " ind2=" ">
    <subfield code="a">Bez urz&#x105;dzenia po&#x15B;rednicz&#x105;cego</subfield>
    <subfield code="b">n</subfield>
    <subfield code="2">rdamedia</subfield>
  </datafield>
  <datafield tag="338" ind1=" " ind2=" ">
    <subfield code="a">Wolumin</subfield>
    <subfield code="b">nc</subfield>
    <subfield code="2">rdacarrier</subfield>
  </datafield>
  <datafield tag="380" ind1=" " ind2=" ">
    <subfield code="a">Ksi&#x105;&#x17C;ki</subfield>
  </datafield>
  <datafield tag="380" ind1=" " ind2=" ">
    <subfield code="a">Publikacje naukowe</subfield>
  </datafield>
  <datafield tag="388" ind1="1" ind2=" ">
    <subfield code="a">1901-2000</subfield>
  </datafield>
  <datafield tag="388" ind1="1" ind2=" ">
    <subfield code="a">1901-1914</subfield>
  </datafield>
  <datafield tag="500" ind1=" " ind2=" ">
    <subfield code="a">Odbitka z: "Czasopismo prawnicze i ekonomiczne".</subfield>
  </datafield>
  <datafield tag="610" ind1="2" ind2="7">
    <subfield code="a">Sejm Kr&#xF3;lestwa Polskiego (1830-1831)</subfield>
    <subfield code="2">DBN</subfield>
    <subfield code="9">40730</subfield>
  </datafield>
  <datafield tag="610" ind1="1" ind2="4">
    <subfield code="a">Kr&#xF3;lestwo Polskie.</subfield>
    <subfield code="b">Sejm.</subfield>
    <subfield code="2">kaba</subfield>
    <subfield code="9">4227</subfield>
  </datafield>
  <datafield tag="648" ind1=" " ind2="7">
    <subfield code="a">1801-1900</subfield>
    <subfield code="2">DBN</subfield>
    <subfield code="9">36037</subfield>
  </datafield>
  <datafield tag="650" ind1=" " ind2="7">
    <subfield code="a">Uw&#x142;aszczenie ch&#x142;op&#xF3;w</subfield>
    <subfield code="2">DBN</subfield>
    <subfield code="9">40513</subfield>
  </datafield>
  <datafield tag="650" ind1=" " ind2="7">
    <subfield code="a">Ch&#x142;opi</subfield>
    <subfield code="z">Polska</subfield>
    <subfield code="x">sytuacja spo&#x142;eczna</subfield>
    <subfield code="y">19 w.</subfield>
    <subfield code="2">kaba</subfield>
    <subfield code="9">40511</subfield>
  </datafield>
  <datafield tag="650" ind1=" " ind2="7">
    <subfield code="a">Ch&#x142;opi</subfield>
    <subfield code="x">status prawny</subfield>
    <subfield code="z">Polska</subfield>
    <subfield code="y">19 w.</subfield>
    <subfield code="2">kaba</subfield>
    <subfield code="9">40731</subfield>
  </datafield>
  <datafield tag="651" ind1=" " ind2="7">
    <subfield code="a">Galicja (kraina historyczna)</subfield>
    <subfield code="2">DBN</subfield>
    <subfield code="9">35236</subfield>
  </datafield>
  <datafield tag="651" ind1=" " ind2="7">
    <subfield code="a">Polska</subfield>
    <subfield code="2">DBN</subfield>
    <subfield code="9">35076</subfield>
  </datafield>
  <datafield tag="651" ind1=" " ind2="7">
    <subfield code="a">Zab&#xF3;r pruski</subfield>
    <subfield code="2">DBN</subfield>
    <subfield code="9">35237</subfield>
  </datafield>
  <datafield tag="651" ind1=" " ind2="7">
    <subfield code="a">Zab&#xF3;r rosyjski</subfield>
    <subfield code="2">DBN</subfield>
    <subfield code="9">35238</subfield>
  </datafield>
  <datafield tag="655" ind1=" " ind2="7">
    <subfield code="a">Nadbitki i odbitki</subfield>
    <subfield code="2">DBN</subfield>
    <subfield code="9">38727</subfield>
  </datafield>
  <datafield tag="658" ind1=" " ind2=" ">
    <subfield code="a">Polityka, politologia, administracja publiczna</subfield>
  </datafield>
  <datafield tag="710" ind1="2" ind2=" ">
    <subfield code="a">G. Gebethner i Sp&#xF3;&#x142;ka.</subfield>
    <subfield code="e">Wydawca</subfield>
    <subfield code="4">pbl</subfield>
    <subfield code="9">1228</subfield>
  </datafield>
  <datafield tag="942" ind1=" " ind2=" ">
    <subfield code="2">ddc</subfield>
    <subfield code="c">BK_NM</subfield>
  </datafield>
  <datafield tag="999" ind1=" " ind2=" ">
    <subfield code="c">27826</subfield>
    <subfield code="d">27826</subfield>
  </datafield>
  <datafield tag="952" ind1=" " ind2=" ">
    <subfield code="0">0</subfield>
    <subfield code="1">0</subfield>
    <subfield code="2">ddc</subfield>
    <subfield code="4">0</subfield>
    <subfield code="7">0</subfield>
    <subfield code="8">PBKH</subfield>
    <subfield code="a">BIP</subfield>
    <subfield code="b">PBKH</subfield>
    <subfield code="d">2026-04-27</subfield>
    <subfield code="e">K-31/1966</subfield>
    <subfield code="f">K</subfield>
    <subfield code="i">16671</subfield>
    <subfield code="l">0</subfield>
    <subfield code="o">16671</subfield>
    <subfield code="p">IPWK22207</subfield>
    <subfield code="r">2026-04-27 23:04:07</subfield>
    <subfield code="w">2026-04-27</subfield>
    <subfield code="y">BK_NM</subfield>
  </datafield>
</record>
